000 01782nam a2200493 i 4500
001 41989
003 KOSZ 005
005 20190806131723.0
008 000314s1999 pl a f f |000 0 pol
015 _aPB 2000/8091
020 _a838580949X
035 _a(PL-WaBN)b13531001-48omnis_nlop
035 _ab13531001
035 _a(OCoLC)297612091
035 _a(PL)b0000001353100
040 _aWA N
_cWA N
_dKOSZ 005/HR
041 0 _apol
046 _k1989
080 _a005:004.45
080 _a(075.8)
245 0 0 _aInformatyka w zarządzaniu :
_boprogramowanie systemowe i narzędziowe : praca zbiorowa /
_cpod red. Edwarda Kolbusza i Antoniego Nowakowskiego ; [aut. Urszula Grześkowiak et al.].
260 _aSzczecin :
_bWydaw. Zachodniopomorskiej Szkoły Biznesu,
_c1999.
300 _a255, [17] s. :
_bil. ;
_c24 cm.
336 _2rdacontent
_aTekst
_btxt
337 _2rdamedia
_aBez urządzenia pośredniczącego
_bn
338 _2rdacarrier
_aWolumin
_bnc
380 _aKsiążki
380 _aPublikacje dydaktyczne
385 _mPoziom nauczania
_aSzkoły wyzsze
388 _a1901-2000
388 _a1989-2000
504 _aBibliogr.
650 7 _aProgramy komputerowe
_2DBN
658 _aInformatyka i technologie informacyjne
655 7 _aPodręczniki akademickie
_2DBN
650 7 _aSystemy informatyczne zarządzania
700 1 _aGrześkowiak, Urszula
_eAutor
700 1 _aKolbusz, Edward
_eRedakcja
700 1 _aNowakowski, Antoni
_d(1944- )
_eRedakcja
710 2 _aWydawnictwo Zachodniopomorskiej Szkoły Biznesu (Szczecin).
_4pbl
856 _uhttp://koha.tu.koszalin.pl/cgi-bin/koha/opac-detail.pl?biblionumber=41989
_yKatalog online BPK
942 _2UKD
_cKS
999 _c41989
_d41989